|
|
|
|
| LEADER |
00000nam0a2200000 4500 |
| 001 |
102991 |
| 005 |
20231031113204.0 |
| 035 |
|
|
|a (RuTPU)RU\TPU\book\111039
|
| 090 |
|
|
|a 102991
|
| 100 |
|
|
|a 20061010d1987 k y0rusy50 ca
|
| 101 |
0 |
|
|a rus
|
| 102 |
|
|
|a RU
|
| 105 |
|
|
|a a z 001zy
|
| 200 |
1 |
|
|a Бокситоносные комплексы Урала
|e сборник научных статей
|f под ред. Б. М. Михайлова
|
| 210 |
|
|
|a Ленинград
|c Недра
|d 1987
|
| 215 |
|
|
|a 344 с.
|c ил.
|
| 225 |
1 |
|
|a Труды Всесоюзного научно-исследовательского геологического института им. А. П. Карпинского
|v Т. 344
|
| 320 |
|
|
|a Библиогр.: с. 225-228.
|
| 610 |
1 |
|
|a геология
|
| 610 |
1 |
|
|a бокситы
|
| 610 |
1 |
|
|a Урал
|
| 610 |
1 |
|
|a освоение
|
| 610 |
1 |
|
|a исследования
|
| 675 |
|
|
|a 553.492.1
|v 3
|
| 702 |
|
1 |
|a Михайлов
|b Б. М.
|4 340
|
| 801 |
|
1 |
|a RU
|b 63413507
|c 20061010
|g PSBO
|
| 801 |
|
2 |
|a RU
|b 63413507
|c 20140405
|g PSBO
|
| 942 |
|
|
|c BK
|